Southville International School and Colleges
Your cart is empty.
  • Cart
  • Lists
    Public lists Eva Luna New books Lux_list list_1
    Your lists Log in to create your own lists
  • Log in to your account
  • Your cookies
  • Search history
Southville International School and Colleges
  • Advanced search
  • Recent comments
  • Most popular
  • Libraries

Log in to your account

Log in with GOOGLE


If you do not have an external account, but do have a local account, you can still log in:

  1. Home
  2. MARC view: Cultural heritage tourism :
Normal view MARC view ISBD view

Cultural heritage tourism : (Record no. 357842)

[ view plain ]
MARC details
000 -LEADER
fixed length control field 00620nam a2200229Ia 4500
008 - FIXED-LENGTH DATA ELEMENTS--GENERAL INFORMATION
fixed length control field 180523s9999 xx 000 0 und d
020 ## - INTERNATIONAL STANDARD BOOK NUMBER
International Standard Book Number 978-1-4422-7883-7
050 ## - LIBRARY OF CONGRESS CALL NUMBER
Classification number MAIN G 156.5
050 ## - LIBRARY OF CONGRESS CALL NUMBER
Item number .H47H37 2017
100 ## - MAIN ENTRY--PERSONAL NAME
Personal name Hargrove, Cheryl M.
245 #0 - TITLE STATEMENT
Title Cultural heritage tourism :
245 #0 - TITLE STATEMENT
Remainder of title five steps for success and sustainability /
245 #0 - TITLE STATEMENT
Statement of responsibility, etc Cheryl M. Hargrove.
260 ## - PUBLICATION, DISTRIBUTION, ETC. (IMPRINT)
Place of publication, distribution, etc Lanham, Maryland :
260 ## - PUBLICATION, DISTRIBUTION, ETC. (IMPRINT)
Name of publisher, distributor, etc Rowman & Littlefield,
260 ## - PUBLICATION, DISTRIBUTION, ETC. (IMPRINT)
Date of publication, distribution, etc 2017
300 ## - PHYSICAL DESCRIPTION
Extent 377 pages :
300 ## - PHYSICAL DESCRIPTION
Other physical details illustrations ;
300 ## - PHYSICAL DESCRIPTION
Dimensions 26 cm.
500 ## - GENERAL NOTE
General note Includes index
650 ## - SUBJECT ADDED ENTRY--TOPICAL TERM
Topical term or geographic name as entry element Heritage tourism.
Holdings
Withdrawn status Lost status Damaged status Home library Current library Shelving location Date acquired Cost, normal purchase price Total Checkouts Full call number Barcode Date last seen Price effective from Koha item type
      South Mansfield College South Mansfield College   01/31/2018 4.00   MAIN G 156.5 .H47H37 2017 SMC06128 05/23/2018 05/23/2018 Books

Cultural heritage tourism :

APA

Hargrove C. M., .Cultural heritage tourism. Lanham, Maryland: .

Chicago

Hargrove Cheryl M, .Cultural heritage tourism. Lanham, Maryland: .

Harvard

Hargrove C. M., .Cultural heritage tourism. Lanham, Maryland: .

MLA

Hargrove Cheryl M, .Lanham, Maryland: . .

  • Place hold
  • Print
  • Cite
  • Add to your cart (remove)
  • Save record
    BIBTEX Dublin Core MARCXML MARC (non-Unicode/MARC-8) MARC (Unicode/UTF-8) MARC (Unicode/UTF-8, Standard) MODS (XML) RIS
  • More searches
    Search for this title in:
    Other Libraries (WorldCat) Other Databases (Google Scholar) Online Stores (Bookfinder.com) Open Library (openlibrary.org)

Exporting to Dublin Core...

SOUTHVILLE LIBRARY

Southville International School and Colleges Library

1281 Tropical Ave. Cor. Luxembourg St., BF Homes International, Las Pinas City

Tel. No. 8256374 / 252358 Loc. 117/146

Powered by Koha